000 00343nam a22001337a 4500
082 _a894.812.3
_bMUK/A
100 _aMUKUNDAN, M
245 _aAUTORIKSHAWKKARANTE BHARYA
246 _aAUTORIKSHAWKKARANTE BHARYA
_bAUTORIKSHAWKKARANTE BHARYA
260 _aKOTTAYAM, INDIA
_bD C
_c2016
300 _a93
650 _aMALAYALAM STORIES
942 _cBK
999 _c8710
_d8710